000 00393nam a22001457a 4500
020 _a9788129700438
040 _cNust
082 _a530.12
_bLIB
100 _aRichard L. Liboff
_9124265
245 _aIntroductory Quantum Mechanics
250 _a4th Edition
260 _aIndia:
_bPearson education services,
_c2003.
650 _aIntroductory Quantum Mechanics
_9124956
942 _2ddc
_cBK
999 _c610724
_d610724